000 01175nam0a22002531 4500
001 rc\171155
005 20250620215833.0
010 _a5-8232-0179-6
_93000
035 _a(NLR Aleph) 005433645
090 _a7603639
_c7603639
100 _a20030307d1996 |||y0rusy50 ca
101 0 _arus
102 _aRU
105 _ay |||||||||
200 1 _aЗакаливание и спорт в лечении бронхолегочных заболеваний
_fС.-Петерб. мед. акад. последиплом. образования. Каф. педиатрии № 3 с курсом неонаталогии, С.-Петерб. ассоц. помощи больным муковисцидозом
210 _aСПб.
_cС.-Петерб. ассоц. помощи больным муковисцидозом
_d1996
215 _a9, [1] с.
_d22
700 1 _7ca
_8rus
_aОрлов
_bА. В.
_cканд. мед. наук, педиатр, пульмонолог
_gАлександр Владимирович
_9166148
_3RU\NLR\AUTH\770166195
801 0 _aRU
_bNLR
_gpsbo
801 1 _aRU
_bELAR
_2rusmarc
852 _aNLR
_j96-6/1173
942 _cBOOK
980 _aNB